লোডিং...

Learning to Use the Internet :An Introduction with Examples and Exercises

গ্রন্থ-পঞ্জীর বিবরন
প্রধান লেখক: Ackermann,Earnest
বিন্যাস: Printed Book
ভাষা:English
প্রকাশিত: New Delhi BPB Publications 1996
LEADER 00555nam a22001577a 4500
008 180612s9999 000 0 eng
020 |a 8170297443 
041 |a Eng 
082 |a 004.678 
100 |a Ackermann,Earnest 
245 |a Learning to Use the Internet  |b :An Introduction with Examples and Exercises 
260 |a New Delhi  |b BPB Publications  |c 1996 
300 |a 358p  |b PB 
942 |2 ddc  |c BK 
999 |c 271813  |d 271813 
952 |0 0  |1 0  |4 0  |6 004_678000000000000_ACK_L  |7 0  |9 305856  |a ASC  |b ASC  |c ST1  |d 2018-09-05  |g 0.00  |l 0  |o 004.678 ACK/L  |p ASC1198  |r 2018-08-20  |w 2018-08-20  |y BK